Loading...
| Philosophy | 0 | 7 | 0 | 2 | 70 | 80 | 112.86 | 1 | 2 | 16.25 | 34.29 |
| History - European | 1 | 5 | 0 | 1 | 65 | 58 | 91.33 | 0 | 2 | 20.98 | 24.29 |
| Social Science | 1 | 6 | 3 | 1 | 60 | 57 | 118.29 | 4 | 6 | 9.09 | 32.38 |
| Literature - Poetry | 0 | 5 | 0 | 1 | 50 | 120 | 134.00 | 0 | 0 | 9.50 | 18.57 |
| Fine Arts - Other | 0 | 5 | 0 | 1 | 50 | 89 | 112.40 | 1 | 3 | 6.59 | 20.95 |
| Literature - Long Fiction | 0 | 5 | 1 | 0 | 45 | 91 | 127.60 | 1 | 1 | 7.33 | 22.62 |
| History - World | 1 | 3 | 1 | 2 | 40 | 63 | 117.50 | 0 | 0 | 4.62 | 6.67 |
| Literature - Drama | 0 | 3 | 0 | 0 | 30 | 77 | 105.00 | 0 | 0 | 12.07 | 14.29 |
| Science - Other | 0 | 3 | 0 | 1 | 30 | 102 | 128.33 | 0 | 0 | 2.47 | 11.11 |
| History - Other | 2 | 0 | 0 | 0 | 30 | 47 | 51.50 | 0 | 1 | 20.51 | 19.05 |
| Other Academic | 0 | 3 | 0 | 0 | 30 | 88 | 93.67 | 0 | 2 | 10.99 | 17.14 |
| Current Events | 1 | 1 | 0 | 0 | 25 | 40 | 61.50 | 0 | 1 | 16.15 | 12.24 |
| Geography | 0 | 2 | 0 | 2 | 20 | 129 | 139.00 | 0 | 1 | 0.26 | 8.93 |
| History - Ancient | 1 | 0 | 0 | 0 | 15 | 62 | 62.00 | 0 | 1 | 57.82 | 57.14 |
| History - American | 0 | 2 | 1 | 1 | 15 | 124 | 128.50 | 0 | 0 | 2.82 | 8.93 |
| Short Fiction and Other | 0 | 2 | 1 | 0 | 15 | 134 | 136.50 | 0 | 0 | 2.10 | 10.20 |
| Science - Biology | 0 | 1 | 0 | 0 | 10 | 131 | 131.00 | 0 | 0 | 0.15 | 4.29 |
| Science - Chemistry | 0 | 1 | 0 | 0 | 10 | 126 | 126.00 | 0 | 1 | 0.23 | 7.14 |
| Science - Physics | 0 | 1 | 0 | 1 | 10 | 146 | 146.00 | 0 | 0 | 0.07 | 5.71 |
| Fine Arts - Painting and Sculpture | 0 | 1 | 0 | 0 | 10 | 83 | 83.00 | 0 | 1 | 4.35 | 5.71 |
| Mythology | 0 | 0 | 1 | 0 | -5 | 0.00 | 0 | 0 | 0.00 | 0.00 | |
| Religion | 0 | 0 | 1 | 0 | -5 | 0.00 | 0 | 0 | 0.00 | 0.00 |